LIBRARY & INFORMATION CENTRE, KCAET, TAVANUR

ONLINE PUBLIC ACCESS CATALOGUE (OPAC)

Reason and the Imagination / (Record no. 869)

MARC details
000 -LEADER
fixed length control field 00364cam a2200145ua 4500
041 ## - LANGUAGE CODE
Language code of text/sound track or separate title eng
082 ## - DEWEY DECIMAL CLASSIFICATION NUMBER
Classification number 828.09
Item number MAZ/RE
100 ## - MAIN ENTRY--AUTHOR NAME
Personal name Mazzeo, J.A .
245 ## - TITLE STATEMENT
Title Reason and the Imagination /
260 ## - PUBLICATION, DISTRIBUTION, ETC. (IMPRINT)
Place of publication Newyork :
Name of publisher Columbia University press ,
Year of publication 1962.
300 ## - PHYSICAL DESCRIPTION
Number of Pages 321 ; .
942 ## - ADDED ENTRY ELEMENTS (KOHA)
Koha item type Books
Holdings
Withdrawn status Lost status Damaged status Home library Current library Date acquired Cost, normal purchase price Full call number Accession Number Koha item type Public note
Withdrawn     KAUAET Sanskrit University 07/04/2012 42.00 828.09 6827 Books Transferred to Sanskrit University
free website counter